| 000 -LEADER |
| fixed length control field |
01151nam a2200253Ia 4500 |
| 001 - CONTROL NUMBER |
| control field |
7051 |
| 003 - CONTROL NUMBER IDENTIFIER |
| control field |
GE_BSU |
| 008 - FIXED-LENGTH DATA ELEMENTS--GENERAL INFORMATION |
| fixed length control field |
181216s||||||||xx |||||||||||||| ||und|| |
| 020 ## - INTERNATIONAL STANDARD BOOK NUMBER |
| International Standard Book Number |
9789941192562.(ტ.7) |
| 040 ## - CATALOGING SOURCE |
| Transcribing agency |
GE_BSU |
| 080 ## - UNIVERSAL DECIMAL CLASSIFICATION NUMBER |
| Universal Decimal Classification number |
821.353.1-31+821.353.1-32+821.353.1-92=821.353.1-4 |
| 100 ## - MAIN ENTRY--PERSONAL NAME |
| Personal name |
ჯავახიშვილი,მიხეილ. |
| 245 ## - TITLE STATEMENT |
| Title |
მოთხრობები;წერილები;ჩანაწერები უბის წიგნაკიდან. |
| 245 ## - TITLE STATEMENT |
| Remainder of title |
ტ.7 პროზა. |
| 245 ## - TITLE STATEMENT |
| Statement of responsibility, etc. |
სარედ.ჯგუფი:ზურაბ აბაშიძე;მანანა ჯანელიძე;ირმა ხარშილაძე;გარეკანის დიზაინერი:.ეთერ გზირიშვილი. |
| 250 ## - EDITION STATEMENT |
| Edition statement |
(ჩემი რჩეული,ISSN 2233-3037) |
| 260 ## - PUBLICATION, DISTRIBUTION, ETC. |
| Place of publication, distribution, etc. |
თბილისი. |
| 260 ## - PUBLICATION, DISTRIBUTION, ETC. |
| Name of publisher, distributor, etc. |
პალიტრა L. |
| 260 ## - PUBLICATION, DISTRIBUTION, ETC. |
| Date of publication, distribution, etc. |
2011. |
| 300 ## - PHYSICAL DESCRIPTION |
| Extent |
400გვ;20სმ. |
| 653 ## - INDEX TERM--UNCONTROLLED |
| Uncontrolled term |
მოთხრობები;წერილები;ჩანაწერები. |
| 942 ## - ADDED ENTRY ELEMENTS (KOHA) |
| Koha item type |
წიგნი |